000 00522nam a2200193 a 4500
001 STB034111
003 PILC
005 20150302092950.0
008
020 _a9789719924333
050 _aRM 301
_b.N883 2013
100 _aNucum, Zenaida T.
245 0 _aPharmacology /
_cZenaida Nucum.
260 _aQuezon City :
_bC & E Publishing, Inc.,
_c2013.
300 _axii, 668 pages :
_billustrations ;
_c26cm.
521 _aPharmacy
650 _aPharmacology.
942 _2lcc
_cBK
999 _c283674
_d283674